| 000 | 00376nam a22001337a 4500 | ||
|---|---|---|---|
| 008 | 140212b xxu||||| |||| 00| 0 eng d | ||
| 050 | _aBX3756.K82.P879 | ||
| 100 |
_aKolvenbach, Peter Hans. _98624 |
||
| 245 | _aFaubourg du Saint-Esprit | ||
| 260 |
_aParis _bBayard _c2004 |
||
| 300 | _a159p.; 21cm. | ||
| 600 |
_aKolvenbach, Peter Hans _98625 |
||
| 942 |
_2lcc _cMONOGRAPH |
||
| 999 |
_c120045 _d120045 |
||